Harmonizácia účtovníctva v oblasti zásob

Informácia o zámeroch a cieľoch dizertačnej práce, obhajoba ktorej sa konala 26. septembra 2008.

Salvato in:
Dettagli Bibliografici
Autore principale: Rusňáková, Lucia
Natura: Capitolo di libro
Lingua:slovacco
Soggetti:
Tags: Aggiungi Tag
Nessun Tag, puoi essere il primo ad aggiungerne!!

MARC

LEADER 00000naa$a2200000$$$4500
001 0097857
005 20240429121906.5
041 0 |a slo 
044 |a SK 
245 1 0 |a Harmonizácia účtovníctva v oblasti zásob  |c Lucia Rusňáková 
520 |a Informácia o zámeroch a cieľoch dizertačnej práce, obhajoba ktorej sa konala 26. septembra 2008. 
610 2 0 |a harmonizácia 
610 2 0 |a zásoby 
610 2 0 |a účtovníctvo 
610 2 0 |a práce kvalifikačné 
100 1 |a Rusňáková, Lucia